| 000 | 00467nam a2200133Ia 4500 | ||
|---|---|---|---|
| 008 | 170221s9999 xx 000 0 und d | ||
| 100 | _aBrimble, Mark | ||
| 245 | _aCollaborating with Industry to Enhance Financial Planning and Accounting Education | ||
| 245 | _cMark Brimble, Craig Cameron, Brett Freudenberg, Campbell Fraser, and Kirsten MacDonald | ||
| 260 | _c2012 | ||
| 300 | _a32 : 9 | ||
| 650 | _xBusiness | ||
| 856 | _uhttp://ro.uow.edu.au/aabfj/vol6/iss4/6/ | ||
| 999 |
_c311291 _d311291 |
||